000 01875nam0a22003371 4500
001 RU\NLR\A2\5840
005 20260407102411.0
035 _a(NLR Aleph) 009859357
090 _a10379847
_c10379847
100 _a19970605d1793 u y0rusy50 ca
101 0 _alat
102 _aRU
200 1 _aQuaeritur: quid statuendem de luxu, ext ne is hominibus, civitatibus, monarchiis maxime, proficuus vel noxius, et si hoc, vel quatenus sit, quomodo vis eius noxia debilitanda ac frangenda? Quaestionem hanc ex principiis moralibus ac politicis oratione solemni cum augustissimae ac potentissimae monarchae magnae dominae Catharinae II. Rossiae totius imperatricis ac autocratoris piae felicis Patriae matris optimae auspicia imperii Universitas Caesarea Mosquensis pia mente recoleret in conventu ejusdem solemni d. 30. Jun. 1793. habita examinabit Joannes Matthias Schaden, consiliarius aulicus Philosoph. Doctor. Philosophiae, Moralis, Juris, Naturae et Gentium ac Politices Professor P.O. Academiae Electoral. Mogunt. scientiarum utilium, nec non Societatis Academic. principal. Hassiacae membrum ordinarium
210 _aMosquae [Moskva]
_cTypis Universitatis
_cPer B. Okorocow
_d1793
215 _a77, [1] с.
_d
321 1 _aСК XVIII(ин.) 2475
600 0 _6z01690
_aEkaterina
_cимп.
_dII
_f1729-1796
620 _dMoskva
690 0 _6z01600
_aCatharina
_dII
700 1 _6z02790
_aSchaden
_bJ.M.
_f1731-1797
_gJohann Matthias
_4070
702 1 _6z03790
_aOkorokow
_bV.I.
_gVasilij Ivanovič
_4610
712 0 1 _4610
_8lat
_aMosqua
_bUniversitas
_bTypographia
_7ba
_3RU\NLR\AUTH\889930224
_9356034
790 1 _6z02700
_aSchaden
_gJoannes Matthias
_4070
790 1 _6z03702
_aOkorocow
_bB.
_4610
801 0 _aRU
_bNLR
_c19970605
852 _aNLR
_j36.61.2.6
942 _cBOOK
980 _aNB
980 _ain18